000
00195 a2200097 4500
020
_a
9789876670746
041
_a
spa
100
_a
Garabal, Tito
245
_a
Francisco Rezamos por ti
942
_c
BK
999
_c
13697
_d
13697